Zodpovednosť zamestnanca za škodu s prezumpciou viny

Pri výkone práce môže prísť k vzniku škody, za ktorú konkrétny subjekt nesie zodpovednosť. Čo znamená prezumpcia viny pri zodpovednosti zamestnanca za škodu, ktorých druhov zodpovednosti zamestnanca za škodu sa týka. Môže sa zamestnanec vyviniť?

Saved in:
Bibliographic Details
Main Author: Kuníková, Lucia
Format: Book Chapter
Language:Slovak
Subjects:
Tags: Add Tag
No Tags, Be the first to tag this record!

MARC

LEADER 00000naa a2200000 4500
001 0199564
005 20231120134845.8
041 0 |a slo 
044 |a SK 
245 1 0 |a Zodpovednosť zamestnanca za škodu s prezumpciou viny  |c Lucia Kuníková 
520 |a Pri výkone práce môže prísť k vzniku škody, za ktorú konkrétny subjekt nesie zodpovednosť. Čo znamená prezumpcia viny pri zodpovednosti zamestnanca za škodu, ktorých druhov zodpovednosti zamestnanca za škodu sa týka. Môže sa zamestnanec vyviniť? 
610 2 0 |a zamestnanci 
610 2 0 |a škody 
610 2 0 |a zodpovednosť za škody 
100 1 |a Kuníková, Lucia